Dream team for Arsenal and Aston Villa 2020/2021 - Statistics

General Stats
  • This quiz has been taken 52 times
  • The average score is 4 of 22
Answer Stats
Club Position Football/ soccer player % Correct
Aston Villa Goalkeeper Emiliano Martinez
74%
Aston Villa Center Back Tyrone Mings
47%
Aston Villa Attacking Midfielder Jack Grealish
45%
Arsenal Left Midfielder Bukayo Saka
43%
Arsenal Striker Alexandre Lacazette
38%
Arsenal Center Back David Luiz
34%
Arsenal Center Back Gabriel
32%
Arsenal Right Midfielder Martin Odegaard
30%
Aston Villa Striker Ollie Watkins
30%
Aston Villa Center Back Ezri Konsa
15%
Arsenal Goalkeeper Bernd Leno
9%
Arsenal Center Midfielder Granit Xhaka
9%
Arsenal Left Back Kieran Tierney
6%
Aston Villa Center Midfielder Ross Barkley
6%
Aston Villa Left Winger Trezeguet
6%
Arsenal Right Back Hector Bellerin
4%
Aston Villa Left Back Matt Targett
4%
Aston Villa Right Back Matty Cash
4%
Aston Villa Right Midfielder Anwar El Ghazi
0%
Arsenal Center Midfielder Lucas Torreira
0%
Aston Villa Center Midfielder Marvelous Nakamba
0%
Arsenal Striker Pierre Emrick Aubameyang
0%
No matching quizzes found
Score Distribution
Percent of People with Each Score
Percentile by Number Answered
Your Score History
You have not taken this quiz